[Event "Gothenburg op"]
[Site "Gothenburg"]
[Date "2018.08.19"]
[Round "7"]
[White "Nyberg, Ulf"]
[Black "Maddens, Martijn"]
[Result "1/2-1/2"]
[WhiteElo "2084"]
[BlackElo "2141"]
[PlyCount "123"]
[EventDate "2018.08.17"]
[EventType "swiss"]
[EventRounds "8"]
[EventCountry "SWE"]
[SourceTitle "CBM 186 Extra"]
[Source "ChessBase"]
[SourceDate "2018.08.24"]
[SourceVersion "1"]
[SourceVersionDate "2018.08.24"]
[SourceQuality "1"]

1. e4 c5 2. a3 g6 3. Bc4 Bg7 4. Nc3 Nc6 5. d3 d6 6. Nge2 Nf6 7. Bg5 0-0 8. Qd2 a6 9. 0-0 b5 10. Ba2 Bb7 11. f4 h6 12. Bh4 Nd4 13. Nxd4 cxd4 14. Ne2 Ng4 15. f5 Kh7 16. fxg6+ fxg6 17. Rxf8 Qxf8 18. Rf1 Nf6 19. Nxd4 Bc8 20. Bb3 Qd8 21. Ne6 Bxe6 22. Bxe6 d5 23. Bxf6 Qb6+ 24. Kh1 Qxe6 25. Bxg7 Kxg7 26. exd5 Qxd5 27. Qe3 Re8 28. h3 Qd6 29. Re1 e5 30. Qe4 Rc8 31. c3 Rd8 32. Re3 Qd5 33. Qxd5 Rxd5 34. Kg1 Kf6 35. Kf2 a5 36. Rf3+ Ke6 37. Ke3 Rd8 38. Ke4 b4 39. axb4 axb4 40. d4 exd4 41. cxd4 Rc8 42. d5+ Ke7 43. Rb3 Rc4+ 44. Ke5 g5 45. d6+ Kd7 46. Kd5 Rc6 47. Rxb4 Rxd6+ 48. Ke4 Ke6 49. Rb8 Rd2 50. Rb6+ Kf7 51. g3 Kg7 52. Kf5 Rd5+ 53. Kg4 Rd3 54. b4 Rd4+ 55. Kh5 Rd3 56. Rb7+ Kf6 57. Rb6+ Kg7 58. Rg6+ Kf7 59. Rxh6 Rxg3 60. Rh7+ Kf6 61. Rb7 Rxh3+ 62. Kg4 1/2-1/2

[Event "Gothenburg op"]
[Site "Gothenburg"]
[Date "2017.08.18"]
[Round "2"]
[White "Westergren, Bertil"]
[Black "Nyberg, Ulf"]
[Result "1/2-1/2"]
[WhiteElo "1863"]
[BlackElo "2183"]
[PlyCount "61"]
[EventDate "2017.08.18"]
[EventType "swiss"]
[EventRounds "8"]
[EventCountry "SWE"]
[SourceTitle "CBM 180 Extra"]
[Source "ChessBase"]
[SourceDate "2017.10.06"]
[SourceVersion "1"]
[SourceVersionDate "2017.10.06"]
[SourceQuality "1"]

1. d4 Nf6 2. c4 e6 3. Nf3 d5 4. Bg5 Bb4+ 5. Nc3 Nbd7 6. e3 0-0 7. Rc1 h6 8. Bh4 c5 9. a3 Bxc3+ 10. Rxc3 g5 11. Bg3 Ne4 12. Rc2 Qa5+ 13. Nd2 f5 14. f3 Nxd2 15. Qxd2 Qxd2+ 16. Rxd2 cxd4 17. Rxd4 Nf6 18. Bd6 Re8 19. c5 e5 20. Rd2 Bd7 21. Bd3 e4 22. fxe4 fxe4 23. Be2 Rac8 24. 0-0 Kg7 25. b4 Re6 26. Rb1 Kg6 27. h3 Ree8 28. Rd4 a6 29. Rf1 Bb5 30. Re1 Bxe2 31. Rxe2 1/2-1/2

[Event "SWE-chT2 1617"]
[Site "Sweden"]
[Date "2016.10.16"]
[Round "3.2"]
[White "Lissang, Christopher"]
[Black "Nyberg, Ulf"]
[Result "1-0"]
[WhiteElo "2327"]
[BlackElo "2144"]
[PlyCount "61"]
[EventDate "2016.10.14"]
[EventType "team-tourn"]
[EventRounds "9"]
[EventCountry "SWE"]
[SourceTitle "EXT 2017"]
[Source "ChessBase"]
[SourceDate "2016.10.25"]
[SourceVersion "1"]
[SourceVersionDate "2016.10.25"]
[SourceQuality "1"]
[WhiteTeam "Stockholm SS"]
[BlackTeam "Kamraterna"]
[WhiteTeamCountry "SWE"]
[BlackTeamCountry "SWE"]

1. d4 e6 2. c4 f5 3. Nc3 Bb4 4. e3 Nf6 5. Bd3 b6 6. Nge2 Bb7 7. 0-0 0-0 8. f3 c5 9. d5 Bxc3 10. Nxc3 Kh8 11. e4 fxe4 12. fxe4 d6 13. dxe6 Qe7 14. Nd5 Qxe6 15. Nc7 Qe5 16. Bc2 Nc6 17. Nxa8 Rxa8 18. Be3 Re8 19. Rf5 Qxb2 20. Rb1 Qc3 21. Rb3 Qxc4 22. Qxd6 Rd8 23. Bd3 Qf7 24. Qf4 c4 25. Rb1 cxd3 26. Rf1 Ne7 27. Qc7 Nxf5 28. Qxf7 Bxe4 29. Bd2 Rd7 30. Qf8+ Ng8 31. Rxf5 1-0

[Event "WchT Seniors 65"]
[Site "Radebeul"]
[Date "2016.07.03"]
[Round "8.5"]
[White "Nyberg, Ulf"]
[Black "Fleuch, Hans Juergen"]
[Result "1/2-1/2"]
[WhiteElo "2161"]
[BlackElo "2078"]
[PlyCount "98"]
[EventDate "2016.06.26"]
[EventType "team-swiss"]
[EventRounds "9"]
[EventCountry "GER"]
[SourceTitle "CBM 173 Extra"]
[Source "ChessBase"]
[SourceDate "2016.08.29"]
[SourceVersion "1"]
[SourceVersionDate "2016.08.29"]
[SourceQuality "1"]
[WhiteTeam "Sweden"]
[BlackTeam "Stiftung BSW/DBAG"]
[WhiteTeamCountry "SWE"]
[BlackTeamCountry "GER"]

1. d4 d6 2. e4 Nf6 3. Nc3 g6 4. f4 Bg7 5. a3 0-0 6. Nf3 b6 7. Bd3 e6 8. 0-0 Ba6 9. Bxa6 Nxa6 10. Qe2 Qc8 11. e5 Ne8 12. Ne4 d5 13. Nf2 c6 14. Be3 Nb8 15. Rfc1 Qd7 16. c4 Nc7 17. Rc2 Rd8 18. Rac1 a5 19. cxd5 Nxd5 20. Bd2 Bh6 21. g3 Qe7 22. h4 Ra7 23. Kg2 Bg7 24. Ne4 Rad7 25. h5 Qf8 26. Rh1 Re8 27. Kg1 Ne7 28. Qh2 h6 29. Nf6+ Bxf6 30. exf6 Nf5 31. Bc3 Red8 32. g4 Ne3 33. Re2 Nd5 34. Ne5 Nxf6 35. hxg6 fxg6 36. Qxh6 Qxh6 37. Rxh6 Rg7 38. Reh2 Nh7 39. g5 Rd5 40. Rxg6 Nf8 41. Rgh6 Rh7 42. Ng4 Rxh6 43. Rxh6 Nbd7 44. Ne3 Rb5 45. a4 Rb3 46. f5 exf5 47. Rxc6 b5 48. Nf1 bxa4 49. Nd2 Rb5 1/2-1/2

[Event "WchT Seniors 65"]
[Site "Radebeul"]
[Date "2016.07.01"]
[Round "6.12"]
[White "Johanssen, Tom J"]
[Black "Nyberg, Ulf"]
[Result "0-1"]
[WhiteElo "1873"]
[BlackElo "2161"]
[PlyCount "38"]
[EventDate "2016.06.26"]
[EventType "team-swiss"]
[EventRounds "9"]
[EventCountry "GER"]
[SourceTitle "CBM 173 Extra"]
[Source "ChessBase"]
[SourceDate "2016.08.29"]
[SourceVersion "1"]
[SourceVersionDate "2016.08.29"]
[SourceQuality "1"]
[WhiteTeam "Norway Veteran"]
[BlackTeam "Sweden"]
[WhiteTeamCountry "NOR"]
[BlackTeamCountry "SWE"]

1. d4 Nf6 2. c4 c5 3. e3 g6 4. Nc3 Bg7 5. Nf3 0-0 6. Be2 cxd4 7. exd4 d5 8. cxd5 Nxd5 9. 0-0 Nc6 10. h3 b6 11. Qb3 Be6 12. Ng5 Nxd4 13. Nxe6 Nxb3 14. Nxd8 Nxc3 15. Bf3 Nxa1 16. Bxa8 Ne2+ 17. Kh1 Rxd8 18. Bf3 Nxc1 19. Rxc1 Bxb2 0-1

[Event "Schleswig Holstein-ch Seniors op 9th"]
[Site "Buesum"]
[Date "2015.10.04"]
[Round "6"]
[White "Nyberg, Ulf"]
[Black "Villing, Dieter"]
[Result "0-1"]
[WhiteElo "2151"]
[BlackElo "2066"]
[PlyCount "112"]
[EventDate "2015.09.28"]
[EventType "swiss"]
[EventRounds "9"]
[EventCountry "GER"]
[SourceTitle "EXT 2018"]
[Source "ChessBase"]
[SourceDate "2017.10.13"]
[SourceVersion "1"]
[SourceVersionDate "2017.10.13"]
[SourceQuality "1"]

1. d4 d6 2. e4 Nf6 3. Nc3 c6 4. Nf3 Bg4 5. Be2 e6 6. 0-0 Be7 7. Be3 0-0 8. Nd2 Bxe2 9. Qxe2 d5 10. e5 Nfd7 11. f4 c5 12. Nb3 cxd4 13. Nxd4 Nc6 14. Rad1 Nxd4 15. Bxd4 Bc5 16. Bxc5 Nxc5 17. f5 Qh4 18. Qe3 Rac8 19. Rd4 Qh6 20. Qxh6 gxh6 21. f6 Nd7 22. Re1 Kh8 23. Rh4 Rg8 24. Re2 Rg5 25. Nb5 Nxe5 26. Rxh6 Rd8 27. h4 Rg6 28. Rxg6 Nxg6 29. g3 a6 30. Nd4 Nf8 31. Nf3 Nd7 32. Ne5 Nxe5 33. Rxe5 Rc8 34. Re2 Rc4 35. Kg2 h5 36. c3 Kh7 37. Re5 Kg6 38. Kf3 b5 39. Rg5+ Kxf6 40. Rxh5 b4 41. cxb4 Rxb4 42. b3 a5 43. Rh8 a4 44. bxa4 Rxa4 45. Rb8 Rxa2 46. g4 Ra3+ 47. Kf2 e5 48. Rb6+ Kg7 49. Rd6 d4 50. g5 Rh3 51. Rd5 f6 52. Rd6 Rxh4 53. gxf6+ Kf7 54. Ke2 Rf4 55. Rd5 Kxf6 56. Rd8 Kf5 0-1

[Event "EU-chT Seniors"]
[Site "Sibenik"]
[Date "2014.04.05"]
[Round "5.5"]
[White "Nyberg, Ulf"]
[Black "Bellia, Fabrizio"]
[Result "0-1"]
[WhiteElo "2141"]
[BlackElo "2409"]
[PlyCount "82"]
[EventDate "2014.04.01"]
[EventType "team-swiss"]
[EventRounds "9"]
[EventCountry "CRO"]
[SourceTitle "CBM 159 Extra"]
[Source "ChessBase"]
[SourceDate "2014.04.24"]
[SourceVersion "1"]
[SourceVersionDate "2014.04.24"]
[SourceQuality "1"]
[WhiteTeam "Sweden Seniors II"]
[BlackTeam "Italy Seniors"]
[WhiteTeamCountry "SWE"]
[BlackTeamCountry "ITA"]

1. d4 Nf6 2. c4 e6 3. Nc3 Bb4 4. e3 0-0 5. Nge2 d5 6. a3 Be7 7. cxd5 exd5 8. Bd2 Nbd7 9. b4 c6 10. Ng3 Nb6 11. Bd3 Nc4 12. Bxc4 dxc4 13. 0-0 a5 14. Qe2 b5 15. Nce4 Nxe4 16. Nxe4 Bf5 17. f3 axb4 18. axb4 Qd5 19. Nf2 Bg6 20. Bc3 f5 21. Rfe1 h6 22. Qb2 Bh4 23. Rxa8 Rxa8 24. g3 Bg5 25. e4 fxe4 26. fxe4 Qd7 27. Kg2 Re8 28. Qe2 Qe6 29. Qf3 Rf8 30. Qe2 Re8 31. Qf3 Bd8 32. Qf4 Rf8 33. Qd2 Bh5 34. Qb2 Qf7 35. Qc2 Qf3+ 36. Kg1 Bg5 37. Nd1 Bg4 38. Bd2 Bh3 39. Bf4 Bxf4 40. gxf4 Rxf4 41. Nf2 Qg2# 0-1

[Event "Nordic-ch Seniors"]
[Site "Bornholm"]
[Date "2013.09.16"]
[Round "9"]
[White "Karason, Askell Orn"]
[Black "Nyberg, Ulf"]
[Result "1-0"]
[WhiteElo "2205"]
[BlackElo "2130"]
[PlyCount "77"]
[EventDate "2013.09.07"]
[EventType "swiss"]
[EventRounds "9"]
[EventCountry "DEN"]
[SourceTitle "CBM 156 Extra"]
[Source "ChessBase"]
[SourceDate "2013.10.22"]
[SourceVersion "1"]
[SourceVersionDate "2013.10.22"]
[SourceQuality "1"]

1. c4 e5 2. Nc3 d6 3. Nf3 f5 4. d4 e4 5. Ng5 Be7 6. Nh3 c6 7. g3 Nf6 8. Bg2 0-0 9. 0-0 Be6 10. d5 Bf7 11. Ng5 Nbd7 12. Nxf7 Rxf7 13. f3 exf3 14. exf3 Ne5 15. f4 Qb6+ 16. Kh1 Neg4 17. Qf3 cxd5 18. h3 h5 19. hxg4 hxg4 20. Qf2 d4 21. Nb5 Ne4 22. Bxe4 fxe4 23. Qxd4 Qc6 24. Qd5 Rc8 25. Be3 a6 26. Nc3 Qxc4 27. Qxe4 Bf6 28. Qxc4 Rxc4 29. Rac1 b5 30. Nd5 Bxb2 31. Rxc4 bxc4 32. Rf2 Rb7 33. Rc2 Ba3 34. Nb6 Kf7 35. Nxc4 Rb1+ 36. Kg2 Bb4 37. Rc1 Rxc1 38. Bxc1 Ke6 39. Ne3 1-0

[Event "Nordic-ch Seniors"]
[Site "Bornholm"]
[Date "2013.09.14"]
[Round "7"]
[White "Nyberg, Ulf"]
[Black "Olafsson, Fridrik"]
[Result "1/2-1/2"]
[WhiteElo "2130"]
[BlackElo "2407"]
[PlyCount "38"]
[EventDate "2013.09.07"]
[EventType "swiss"]
[EventRounds "9"]
[EventCountry "DEN"]
[SourceTitle "CBM 156 Extra"]
[Source "ChessBase"]
[SourceDate "2013.10.22"]
[SourceVersion "1"]
[SourceVersionDate "2013.10.22"]
[SourceQuality "1"]

1. d4 d5 2. c4 dxc4 3. Nf3 Nf6 4. Nc3 Bf5 5. e3 e6 6. Bxc4 a6 7. 0-0 Nc6 8. Qe2 Bg4 9. Rd1 Be7 10. d5 exd5 11. Nxd5 Bd6 12. e4 Nxd5 13. exd5+ Ne5 14. Bf4 Bxf3 15. gxf3 f6 16. Bxe5 fxe5 17. Bd3 0-0 18. Kh1 Qh4 19. Be4 Rf6 1/2-1/2

[Event "Nordic-ch Seniors"]
[Site "Bornholm"]
[Date "2013.09.10"]
[Round "4"]
[White "Hvenekilde, Jorgen"]
[Black "Nyberg, Ulf"]
[Result "0-1"]
[WhiteElo "2120"]
[BlackElo "2130"]
[PlyCount "81"]
[EventDate "2013.09.07"]
[EventType "swiss"]
[EventRounds "9"]
[EventCountry "DEN"]
[SourceTitle "CBM 156 Extra"]
[Source "ChessBase"]
[SourceDate "2013.10.22"]
[SourceVersion "1"]
[SourceVersionDate "2013.10.22"]
[SourceQuality "1"]

1. e4 c5 2. Nf3 Nc6 3. d4 cxd4 4. Nxd4 Nf6 5. Nc3 d6 6. Be2 e5 7. Nb3 Be7 8. g4 h6 9. Be3 Be6 10. Bf3 a5 11. Nd5 0-0 12. h4 a4 13. Nd2 Nd7 14. g5 hxg5 15. hxg5 Bxg5 16. Bg2 Bxe3 17. Nxe3 g6 18. c3 b5 19. Qf3 Qf6 20. Nf5 gxf5 21. exf5 d5 22. Qg3+ Qg7 23. Qh3 Bxf5 24. Qxf5 Nb6 25. 0-0-0 Ne7 26. Qh5 a3 27. Rdg1 axb2+ 28. Kb1 Ng6 29. Ne4 Nd7 30. Bh3 Rfd8 31. Be6 Ndf8 32. Ng5 Ra7 33. Nxf7 Rxf7 34. Bxf7+ Kxf7 35. Rg3 Rd6 36. Qe2 Qf6 37. Kxb2 e4 38. Qe3 b4 39. Kc1 Rc6 40. Qd2 d4 41. Qe2 0-1

[Event "EU-chT Seniors"]
[Site "Rogaska Slatina"]
[Date "2012.03.28"]
[Round "2.10"]
[White "Escher, Helmut"]
[Black "Nyberg, Ulf"]
[Result "1/2-1/2"]
[WhiteElo "2120"]
[BlackElo "2140"]
[PlyCount "64"]
[EventDate "2012.03.27"]
[EventType "team-swiss"]
[EventRounds "9"]
[EventCountry "SLO"]
[SourceTitle "CBM 147 Extra"]
[Source "ChessBase"]
[SourceDate "2012.04.24"]
[SourceVersion "1"]
[SourceVersionDate "2012.04.24"]
[SourceQuality "1"]
[WhiteTeam "Oberursel (Seniors)"]
[BlackTeam "Sweden (Seniors)"]
[WhiteTeamCountry "GER"]
[BlackTeamCountry "SWE"]

1. Nf3 d6 2. e4 Nf6 3. Nc3 c5 4. d4 cxd4 5. Nxd4 g6 6. Be2 Bg7 7. Be3 Nc6 8. Nxc6 bxc6 9. Qd2 0-0 10. 0-0 Qa5 11. Bh6 Bxh6 12. Qxh6 Rb8 13. Rab1 Be6 14. a3 Rb7 15. Qe3 Rfb8 16. Nd1 d5 17. Bf3 Qb6 18. Qxb6 Rxb6 19. exd5 cxd5 20. c3 Ne4 21. Bxe4 dxe4 22. b4 Bc4 23. Re1 f5 24. Nb2 Bb3 25. f3 Kf7 26. Nd1 Bxd1 27. Rbxd1 R8b7 28. fxe4 f4 29. Rd5 Ra6 30. Rf1 Rxa3 31. Rxf4+ Ke6 32. Rc5 a5 1/2-1/2

[Event "SWE-chT 1112"]
[Site "Sweden"]
[Date "2011.10.09"]
[Round "3"]
[White "Pettersson, Anders"]
[Black "Nyberg, Ulf"]
[Result "1-0"]
[WhiteElo "2205"]
[BlackElo "2140"]
[PlyCount "83"]
[EventDate "2011.10.07"]
[EventType "team-tourn"]
[EventRounds "9"]
[EventCountry "SWE"]
[SourceTitle "EXT 2012"]
[Source "ChessBase"]
[SourceDate "2011.11.24"]
[SourceVersion "1"]
[SourceVersionDate "2011.11.24"]
[SourceQuality "1"]
[WhiteTeam "Viking"]
[BlackTeam "Kamraterna"]
[WhiteTeamCountry "SWE"]
[BlackTeamCountry "SWE"]

1. d4 d5 2. c4 e6 3. Nf3 Nf6 4. Nc3 Be7 5. Bg5 0-0 6. e3 Nbd7 7. Rc1 a6 8. cxd5 exd5 9. Bd3 c6 10. 0-0 Re8 11. h3 Nf8 12. Qb3 Ne4 13. Bf4 Nxc3 14. bxc3 Ng6 15. Bh2 Bd6 16. c4 Bxh2+ 17. Nxh2 Nh4 18. f4 Qe7 19. Rce1 dxc4 20. Qxc4 Nf5 21. e4 Nd6 22. Qc2 Nb5 23. Nf3 Bd7 24. a4 Nc7 25. e5 h6 26. f5 Nd5 27. f6 Qa3 28. Bh7+ Kh8 29. fxg7+ Kxg7 30. Ng5 Be6 31. Nxe6+ Rxe6 32. Bf5 Ne3 33. Qf2 Nxf5 34. Qxf5 Rf8 35. Re4 Qe7 36. h4 Rg6 37. Qf3 Rd8 38. Rf4 Rd7 39. h5 Re6 40. Rf6 Kg8 41. Qg4+ Kh7 42. Rxf7+ 1-0

[Event "SWE-chT 0910"]
[Site "Sweden"]
[Date "2010.03.14"]
[Round "11"]
[White "Lindgren, Fredrik"]
[Black "Nyberg, Ulf"]
[Result "1/2-1/2"]
[WhiteElo "2225"]
[BlackElo "2178"]
[PlyCount "93"]
[EventDate "2009.10.16"]
[EventType "team"]
[EventRounds "11"]
[EventCountry "SWE"]
[SourceTitle "EXT 2011"]
[Source "ChessBase"]
[SourceDate "2010.11.26"]
[SourceVersion "1"]
[SourceVersionDate "2010.11.26"]
[SourceQuality "1"]
[WhiteTeam "Umea Rockaden"]
[BlackTeam "Kamraterna"]
[WhiteTeamCountry "SWE"]
[BlackTeamCountry "SWE"]

1. d4 Nf6 2. Nf3 e6 3. c4 c5 4. d5 b5 5. dxe6 fxe6 6. cxb5 a6 7. bxa6 Bxa6 8. Nbd2 Nc6 9. e3 Bxf1 10. Nxf1 Be7 11. Ng3 0-0 12. 0-0 d5 13. Ng5 Qd6 14. f4 h6 15. Nf3 Rfd8 16. Qc2 Qd7 17. Kh1 Nb4 18. Qb1 Qb5 19. Bd2 Nd3 20. Bc3 Ne4 21. Nxe4 dxe4 22. Nd2 Qb7 23. b3 Bf6 24. Bxf6 gxf6 25. Nc4 f5 26. Qc2 Qg7 27. g4 fxg4 28. Qg2 Kh8 29. Rad1 Qf6 30. Kg1 Qf5 31. a4 Rab8 32. Nd2 Rb4 33. a5 Kh7 34. a6 Rd7 35. Ra1 Ra7 36. Ra5 h5 37. Rfa1 h4 38. R5a4 h3 39. Qg3 Qf6 40. Kf1 e5 41. Qxg4 exf4 42. Qxh3+ Kg8 43. Qg2+ Kf8 44. exf4 Qxf4+ 45. Ke2 e3 46. Rxb4 cxb4 47. Qf3 1/2-1/2

[Event "SWE-chT 0910"]
[Site "Sweden"]
[Date "2009.10.17"]
[Round "2"]
[White "Lissang, Christopher"]
[Black "Nyberg, Ulf"]
[Result "1-0"]
[WhiteElo "2248"]
[BlackElo "2178"]
[PlyCount "81"]
[EventDate "2009.10.16"]
[EventType "team"]
[EventRounds "11"]
[EventCountry "SWE"]
[SourceTitle "EXT 2011"]
[Source "ChessBase"]
[SourceDate "2010.11.26"]
[SourceVersion "1"]
[SourceVersionDate "2010.11.26"]
[SourceQuality "1"]
[WhiteTeam "Stockholm Rockaden"]
[BlackTeam "Kamraterna"]
[WhiteTeamCountry "SWE"]
[BlackTeamCountry "SWE"]

1. e4 c5 2. Nf3 a6 3. c3 e6 4. d4 d5 5. exd5 exd5 6. Be3 c4 7. Nbd2 Bd6 8. Be2 Nc6 9. 0-0 Nge7 10. Re1 0-0 11. Bf1 h6 12. g3 Bf5 13. Nh4 Bh7 14. Ng2 b5 15. Bf4 Rb8 16. a3 Qd7 17. b4 a5 18. Bxd6 Qxd6 19. Nf4 Ra8 20. Bg2 Rfd8 21. Nf1 g5 22. Nh3 Rd7 23. f4 f6 24. Ne3 Kg7 25. Rc1 axb4 26. axb4 Ra2 27. Qg4 Bg6 28. fxg5 hxg5 29. Rf1 Rda7 30. Nxg5 fxg5 31. Qxg5 Rxg2+ 32. Kxg2 Qe6 33. Ng4 Nf5 34. Rce1 Qf7 35. Re2 Re7 36. Ref2 Ncxd4 37. cxd4 Qe6 38. Rxf5 Qe4+ 39. R5f3 Rf7 40. Qe5+ Qxe5 41. Nxe5 1-0

[Event "EU-chT Seniors 11th"]
[Site "Velden"]
[Date "2009.04.08"]
[Round "4"]
[White "Nyberg, Ulf"]
[Black "Preuss, Flemming"]
[Result "1-0"]
[WhiteElo "2142"]
[BlackElo "2034"]
[PlyCount "125"]
[EventDate "2009.04.05"]
[EventType "team-swiss"]
[EventRounds "9"]
[EventCountry "AUT"]
[SourceTitle "CBM 129 Extra"]
[Source "ChessBase"]
[SourceDate "2009.05.05"]
[SourceVersion "2"]
[SourceVersionDate "2009.05.20"]
[SourceQuality "1"]

1. d4 Nf6 2. c4 e5 3. dxe5 Ng4 4. e3 Nxe5 5. Nh3 Nbc6 6. Be2 Bb4+ 7. Bd2 0-0 8. Bxb4 Nxb4 9. Nf4 a5 10. Nc3 d6 11. a3 Nbc6 12. 0-0 Be6 13. Nfd5 f5 14. f4 Nf7 15. Nb5 Rc8 16. Qd2 b6 17. Rfd1 Ne7 18. b4 axb4 19. axb4 Bxd5 20. cxd5 c5 21. dxc6 Nxc6 22. Bh5 g6 23. Bf3 Qe7 24. Nd4 Nxd4 25. Qxd4 Rfe8 26. Rd3 Qc7 27. Bd5 Re7 28. h4 Qc2 29. Bb3 Qc7 30. Bd5 Kf8 31. Rad1 b5 32. Qf6 Rce8 33. h5 Rxe3 34. Bxf7 Qxf7 35. Qxd6+ Kg8 36. Rxe3 Rxe3 37. Qb8+ Re8 38. Qxb5 gxh5 39. Qc5 Qe6 40. b5 Rb8 41. Qd5 Kf7 42. Qxe6+ Kxe6 43. Re1+ Kf6 44. Re5 Rc8 45. Re1 Rb8 46. Rb1 Rb6 47. Kf2 h4 48. Ke3 Kg6 49. Kd4 Kh5 50. Kc5 Rg6 51. b6 Rxg2 52. b7 Rg8 53. Kd6 h3 54. b8Q Rxb8 55. Rxb8 Kg4 56. Ke5 h2 57. Rb1 h5 58. Rh1 Kg3 59. Kxf5 h4 60. Rb1 h3 61. Kg5 Kg2 62. Kg4 h1Q 63. Rxh1 1-0

[Event "EU-chT Seniors 11th"]
[Site "Velden"]
[Date "2009.04.07"]
[Round "3"]
[White "Andersson, Sven Olof"]
[Black "Nyberg, Ulf"]
[Result "1/2-1/2"]
[WhiteElo "2060"]
[BlackElo "2142"]
[PlyCount "33"]
[EventDate "2009.04.05"]
[EventType "team-swiss"]
[EventRounds "9"]
[EventCountry "AUT"]
[SourceTitle "CBM 129 Extra"]
[Source "ChessBase"]
[SourceDate "2009.05.05"]
[SourceVersion "2"]
[SourceVersionDate "2009.05.20"]
[SourceQuality "1"]

1. d4 d6 2. g3 g6 3. Bg2 Bg7 4. Nf3 f5 5. 0-0 Nf6 6. c4 0-0 7. Nc3 Nc6 8. Rb1 e5 9. dxe5 dxe5 10. Bg5 Be6 11. Nd5 e4 12. Nd2 Bxd5 13. cxd5 Qxd5 14. Bxf6 Bxf6 15. Nxe4 Qb5 16. Nxf6+ Rxf6 17. Qd5+ 1/2-1/2

[Event "SWE-chT 0809"]
[Site "Sweden"]
[Date "2008.12.07"]
[Round "5"]
[White "Lindeman, Sven"]
[Black "Nyberg, Ulf"]
[Result "1-0"]
[WhiteElo "2212"]
[BlackElo "2204"]
[PlyCount "87"]
[EventDate "2008.10.25"]
[EventType "team-tourn"]
[EventRounds "11"]
[EventCountry "SWE"]
[SourceTitle "EXT 2011"]
[Source "ChessBase"]
[SourceDate "2010.11.26"]
[SourceVersion "1"]
[SourceVersionDate "2010.11.26"]
[SourceQuality "1"]

1. e4 c5 2. Nf3 e6 3. d3 Nc6 4. g3 g6 5. d4 cxd4 6. Nxd4 a6 7. Nxc6 bxc6 8. c4 Bg7 9. Nc3 Ne7 10. Be3 0-0 11. Qd6 f5 12. e5 Rf7 13. 0-0-0 Qa5 14. f4 Bf8 15. Qc5 Qxc5 16. Bxc5 Nd5 17. cxd5 Bxc5 18. dxe6 dxe6 19. Bc4 Kf8 20. Rd8+ Ke7 21. Rhd1 Bb6 22. R8d6 Be3+ 23. Kc2 c5 24. Na4 Bb7 25. Rd7+ Ke8 26. Rxf7 Be4+ 27. Bd3 Kxf7 28. Bxe4 fxe4 29. Rd7+ Kg8 30. Nc3 g5 31. fxg5 Bxg5 32. Nxe4 h6 33. h4 Bd8 34. Kd3 Rb8 35. b3 Kf8 36. Rh7 Rb4 37. Nxc5 Rg4 38. Ne4 Bxh4 39. gxh4 Rxh4 40. Nc5 Rh2 41. Nxe6+ Kg8 42. Rg7+ Kh8 43. Ra7 Rxa2 44. Ke4 1-0

[Event "Rilton Cup 37th"]
[Site "Stockholm"]
[Date "2007.12.28"]
[Round "2"]
[White "Nyberg, Ulf"]
[Black "Kulaots, Kaido"]
[Result "1/2-1/2"]
[WhiteElo "2146"]
[BlackElo "2547"]
[PlyCount "152"]
[EventDate "2007.12.27"]
[EventType "swiss"]
[EventRounds "9"]
[EventCountry "SWE"]
[SourceTitle "CBM 122 Extra"]
[Source "ChessBase"]
[SourceDate "2008.03.04"]
[SourceVersion "1"]
[SourceVersionDate "2008.03.04"]
[SourceQuality "1"]

1. e4 c5 2. Nf3 d6 3. d4 Nf6 4. Nc3 cxd4 5. Nxd4 g6 6. Be3 a6 7. f3 Bg7 8. Qd2 b5 9. a4 bxa4 10. Rxa4 0-0 11. Be2 Qd7 12. 0-0 Qb7 13. Rfa1 Bd7 14. R4a2 Rc8 15. Nb3 Be6 16. Bd4 Bxb3 17. cxb3 Qxb3 18. Bxa6 Nxa6 19. Rxa6 Rab8 20. Nd1 Nd7 21. Bxg7 Kxg7 22. Qd4+ Ne5 23. R6a3 Qc2 24. Rc3 Rxc3 25. Qxc3 Qe2 26. h3 f6 27. Qe3 Rxb2 28. Qxe2 Rxe2 29. Nc3 Rc2 30. Nd5 Nc6 31. Ra8 f5 32. Rc8 Rc5 33. Kf2 Kf7 34. Rc7 fxe4 35. fxe4 Ke8 36. Rc8+ Kf7 37. Rc7 g5 38. Kg3 h5 39. h4 g4 40. Kf4 Ke8 41. Rc8+ Kf7 42. Rc7 Ke6 43. Ne3 Kf6 44. Nd5+ Kf7 45. Kg5 Ke8 46. Kg6 Kd8 47. Rb7 Rc4 48. Rb6 Ne5+ 49. Kf5 Nd7 50. Rb2 Ke8 51. Rf2 Nc5 52. Kg6 Rxe4 53. Nf4 d5 54. Nxh5 Ne6 55. Ra2 d4 56. Ng7+ Nxg7 57. Kxg7 g3 58. Ra8+ Kd7 59. h5 d3 60. Ra3 Rd4 61. Ra1 Ke6 62. Re1+ Kf5 63. h6 e5 64. Rf1+ Kg5 65. h7 Rh4 66. Rd1 e4 67. h8Q Rxh8 68. Kxh8 Kf4 69. Kg7 Ke3 70. Kf6 Kf2 71. Kf5 e3 72. Rxd3 e2 73. Rd2 Kxg2 74. Rxe2+ Kf3 75. Ra2 g2 76. Rxg2 Kxg2 1/2-1/2